00568 2200205 4500001002100000005001500021035002000036245008500056100001600141250001200157300002500169700002900194260004500223082001100268084001700279020002200296650002200318990001100340990001100351INLIS00000000000192520251218083037 a0010-12250000011 aAtomic Habits :bPerubahan Kecil Yang Memberikan Hasil Luar Biasa /cJames Clear0 aJames Clear aCet. 10 aix, 340 hlm ;c24 cm0 aAlex Tri Kantjono Widodo aJakarta :bGramedia Pustaka Utama,c2025 a155.25 a155.25 JAM a a978-602-06-3318-3 4aPengembangan Diri a004016 a004017